00787nam a22002537a 45000010005000000030006000050050017000110080041000280200018000690400029000870500015001160820011001311000015001422450046001572600038002033000048002415050008002895200103002975210022004005210020004226500026004426500028004687000037004965175FISKH20241108131857.0241108b cb ||||| |||| 00| 0 eng d a9780545342377 aFISKHbengcFISKHdFISKH aPZ7.T16123 a823.92 aTan, Shaun aTales From Outer Suburbia /cby Shaun Tan aNew York : bScholastic ;c2008 . a92 pages : bcolor illustrations ;c24 cm . aZ  aFifteen illustrated short stories, some humorous and some haunting, set in the Australian suburbs.8 a1040 bLexile 8 aZ bRaz-plus  apicture bookvfiction agraphic novelsvfiction aKapari-Jatta, Jaanaetranslator